000 00345 a2200133 4500
005 20250620061500.0
020 _a81-8054-769-0
082 _a652 PRA
100 _aPRASAD. L. M.
245 _aHuman Resource Management.
260 _aNew Delhi,
_bCCHAND. S,
_c2014.
300 _axiv. 672.; figure $table
_bAppendix $ Index
_c24cm
942 _2ddc
_cBKS
999 _c4456
_d4456